| 000 | 01368cam a2200325 4500 | ||
|---|---|---|---|
| 999 |
_c3516 _d3516 |
||
| 001 | 349997 | ||
| 003 | OSt | ||
| 005 | 20240215082415.0 | ||
| 008 | 221003t20222020nyu c 000 1 eng d | ||
| 020 |
_a9780062940964 _q(pbk.) |
||
| 035 | _a(OCoLC)1252413491 | ||
| 040 |
_aYDX _beng _cYDX _dBDX _dOQX _dOCLCF _dOCLCO _dOUN _dKH8 |
||
| 042 | _anbic | ||
| 082 | _aFIC HAN | ||
| 100 | 0 |
_aHanna Alkaf, _eauthor. |
|
| 245 | 1 | 4 |
_aThe girl and the ghost / _cHanna Alkaf. |
| 250 | _a1st pbk. ed. | ||
| 260 |
_aNew York, NY : _bHarper Collins Publishers, _c2022, c2020. |
||
| 300 |
_a275 pages ; _c20 cm. |
||
| 520 | _a"Pink may be a ghost, but he's the best companion a lonely girl like Suraya can ask for. He has a dark side, though, and when Suraya makes human friends, Pink's jealousy begins to overtake him. Soon Pink's shadows threaten to consume them both, and Suraya and Pink must find enough light to survive before they are both lost to the darkness." --From publisher. | ||
| 650 | 0 |
_aDemonology _vJuvenile fiction. |
|
| 650 | 0 |
_aFriendship _vJuvenile fiction. |
|
| 650 | 0 |
_aSingle-parent families _vJuvenile fiction. |
|
| 650 | 0 |
_aMothers and daughters _vJuvenile fiction. |
|
| 650 | 0 |
_aMuslims _zMalaysia _vJuvenile fiction. |
|
| 650 | 0 |
_aJealousy _vJuvenile fiction. |
|
| 651 | 0 |
_aMalaysia _vJuvenile fiction. |
|
| 655 | 0 | _aChildren's stories. | |
| 942 |
_2ddc _cCSN |
||